|
|
|
|
| LEADER |
00000nlm0a2200000 4500 |
| 001 |
224480 |
| 005 |
20240111141420.0 |
| 029 |
0 |
0 |
|a RU
|b № 303-№2012
|f ВИНИТИ
|
| 035 |
|
|
|a (RuTPU)RU\TPU\book\244786
|
| 090 |
|
|
|a 224480
|
| 100 |
|
|
|a 20121026d2012 k y0rusy50 ca
|
| 101 |
0 |
|
|a rus
|
| 102 |
|
|
|a RU
|
| 105 |
|
|
|a a z 000zy
|
| 135 |
|
|
|a vrcn ---uucaa
|
| 181 |
|
0 |
|a i
|
| 182 |
|
0 |
|a b
|
| 200 |
1 |
|
|a Изопиестический метод исследования. Обзор конструкций приборов
|e депонированная рукопись
|f А. Г. Терещенко
|g Национальный исследовательский Томский политехнический университет (ТПУ)
|
| 203 |
|
|
|a Текст
|c электронный
|
| 210 |
|
|
|a Томск
|d 2012
|
| 300 |
|
|
|a Заглавие с титульного экрана
|
| 300 |
|
|
|a Рукопись депонирована в ВИНИТИ от 12.07.2012 г. № 303-В2012
|
| 337 |
|
|
|a Adobe Reader
|
| 610 |
1 |
|
|a депонированные рукописи
|
| 610 |
1 |
|
|a труды учёных ТПУ
|
| 610 |
1 |
|
|a электронный ресурс
|
| 610 |
1 |
|
|a изопиестические методы
|
| 610 |
1 |
|
|a конструкции
|
| 610 |
1 |
|
|a изопиестикаторы
|
| 610 |
1 |
|
|a исследования
|
| 610 |
1 |
|
|a водные растворы
|
| 610 |
1 |
|
|a термостаты
|
| 610 |
1 |
|
|a обзоры
|
| 700 |
|
1 |
|a Терещенко
|b А. Г.
|c химик-технолог
|c заведующий лабораторией Томского политехнического университета, кандидат технических наук
|f 1946-
|g Анатолий Георгиевич
|3 (RuTPU)RU\TPU\pers\25305
|9 11303
|
| 712 |
0 |
2 |
|a Национальный исследовательский Томский политехнический университет (ТПУ)
|c (2009- )
|3 (RuTPU)RU\TPU\col\15902
|
| 801 |
|
2 |
|a RU
|b 63413507
|c 20130511
|g RCR
|
| 856 |
4 |
|
|u http://www.lib.tpu.ru/fulltext/m/2012/m19.pdf
|
| 942 |
|
|
|c CF
|